| 000 | 00674nam a2200217 a 4500 | ||
|---|---|---|---|
| 005 | 20231125063702.0 | ||
| 008 | 991125s1995 mx 000 0 spa u | ||
| 020 | _a9684962649 | ||
| 035 | _aUPN01000020318 | ||
| 049 | _aSEP | ||
| 050 | 4 |
_aE99 P25 _bR3.3 |
|
| 100 | 1 | _aRadding de Murrieta, Cynthia | |
| 245 | 1 | 0 |
_aEntre el desierto y la sierra : _blas naciones O'Odham y Tegüina de Sonora, 1530-1840 / _cCynthia Radding |
| 260 |
_aMéxico : _bCIESAS$bINI, _c1995 |
||
| 300 |
_a213 p. : _bil |
||
| 440 | 0 | _aHistoria de los pueblos indígenas de México | |
| 650 | 4 |
_aIndígenas de México _zSonora _922565 |
|
| 650 | 4 | _aPAPAGOS | |
| 904 |
_aAC _b020319 |
||
| 905 | _aLibro | ||
| 999 |
_c20318 _d20318 |
||